| 000 | 00000nam##2200000za#4500 |
| 001 | 9.591369 |
| 003 | CaOODSP |
| 005 | 20210624200613 |
| 007 | cr ||||||||||| |
| 008 | 150406|2000||||xxc|||||o f|0| 0 fre|d |
| 020 | |a0-662-89367-0 |
| 040 | |aCaOODSP|bfre |
| 043 | |an-cn--- |
| 086 | 1 |aRH63-2/198-03-00F-PDF |
| 110 | 1 |aCanada.|bDéveloppement des ressources humaines Canada. |bPolitique stratégique. |
| 245 | 10|aÉvaluation formative de l'Entente Canada-Manitoba sur le développement du marché du travail : |h[ressource électronique]|brapport sommaire final |
| 260 | |aOttawa - Ontario : |bDéveloppement des ressources humaines Canada. |cMars 2000. |
| 300 | |a106p.|btableaux |
| 490 | 1 |aÉvaluation et développement|vSP-AH-198-03-00F |
| 590 | |a13-24-Supp|b2013-10-18 |
| 691 | 07|aMarché du travail|2gcpds |
| 775 | 08|tFormative evaluation of the Canada/Manitoba Labour Market Development Agreement : |w(CaOODSP)9.558524 |
| 830 | #0|aÉvaluation et développement ;|vSP-AH-198-03-00F|w(CaOODSP)9.501127 |
| 856 | 40|ahttp://publications.gc.ca|qPDF|s2.7 Mo|uhttps://publications.gc.ca/collections/collection_2013/rhdcc-hrsdc/RH63-2-198-03-00-fra.pdf|ySP-AH-198-03-00F |